000 01067nam0a22002771 4500
001 rc\86122
005 20021216131648.1
010 _a5-85677-004-8
_bВалент
_910000
035 _a(NLR Aleph) 005354013
090 _a6827429
_c6827429
100 _a20021216d1993 u |0rusy50 ca
101 0 _arus
102 _aRU
105 _aa |||||||||
200 1 _aПодскажи словечко
_eПособие для учащихся гимназий
_fМоск. учеб. фирма "Рекорд"
_g[Авт.-сост. О.В. Джежелей]
210 _aМ.
_cВалент
_cМоск. учеб. фирма "Рекорд"
_d1993
215 _a117, [2] с.
_cил.
_d20
225 1 _aУчусь читать
300 _aНа обл. авт.: О.В. Джежелей
702 1 _aДжежелей
_bО. В.
_gОльга Валентиновна
_4220
712 0 2 _a"Рекорд", московская учеб. фирма
_3RU\NLR\AUTH\889943525
801 0 _aRU
_bNLR
_gpsbo
801 1 _aRU
_bELAR
_2rusmarc
852 _aNLR
_j93-3/4825
942 _cBOOK
980 _aNB